01694agaaa2200325 45000010005000000030009000050050017000140070009000310080040000400400023000800410013001031000047001161300027001632400026001902450191002162460019004072500022004262600105004483000033005535080190005865110061007765200209008375380016010465460013010626500054010757000060011297000055011897000059012447000065013030712IT-RoPAU20220918181242.0d cvaizq50131s9999||||xx ||| | || ||und|| aIT-RoPAUcIT-RoPAU aITALIANO aShyer CharlesgCodice regista SPICS: 38986 aINVIATI MOLTO SPECIALI aI LOVE TROUBLEgT3137 aINVIATI MOLTO SPECIALIcProdotto da: Meyers Nancy -- Sceneggiatura: Meyers Nancy Shyer Charles -- Diretto da: Shyer CharlespINVIATI MOLTO SPECIALI (Rif. Codice opera principale : F0712) aI LOVE TROUBLE aEdizione Standard a(USA)bTOUCHSTONE PICTURES / Distribuzione: RAI UNOg"1995 (1° ed.: 1997 ; Ed. Lingua Orig.: 1995)" aVHSbsonoro, col.c98 minuti a"Fotografia: Lindley John; Montaggio: Hirsh Paul; Musica: Newman David; Sceneggiatura: Meyers Nancy Shyer Charles; Scenografia: Tavoularis Dean; Soggetto: Meyers Nancy -- Shyer Charles" a"Nolte Nick; Roberts Julia; Loggia Robert; Rubinek Saul" aI DUE GIORNALISTI PETER BRACKETT E SABRINA PETERSON SI INCONTRANO PER UN INCIDENTE FERROVIARIO SU CUI DEVONO INDAGARE PER LE RISPETTIVE TESTATE. PASSANO INSIEME VARIE VICISSITUDINI E ALLA FINE SI SPOSANO. aPAL, STEREO aITALIANO aCOMMEDIAeFILMS [VHS]xCodice MATERIA SPICS: 9960 aMeyers Nancy e(soggetto)gCodice Soggetto SPICS: 38987 aNewman Davide(musica)gCodice Musica SPICS: 50386 aShyer Charles e(regista)gCodice regista SPICS: 38986 aShyer Charles e(soggetto)gCodice Soggetto 2° SPICS: 38986